Ajuste por inflación impositivo: los umbrales de su aplicación.

Guardado en:
Detalles Bibliográficos
Autor principal: Amaro Gómez, Richard L.
Formato: Desconocido
Aporte de:Registro referencial: Solicitar el recurso aquí
LEADER 00341 a2200109 4500
001 ART_55513
005 20260410162048.0
008 260409a
245 1 0 |a Ajuste por inflación impositivo: los umbrales de su aplicación. 
100 1 |a Amaro Gómez, Richard L. 
773 0 |t Impuestos  |g - N° 118 (feb. 2022)  |w REV45175 
999 |c 35532  |d 35532